Normal view
MARC view
- راجي،صادق
Entry Personal Name
001 - CONTROL NUMBER
- control field: 10294
003 - CONTROL NUMBER IDENTIFIER
- control field: JO-AjAnu
005 - DATE AND TIME OF LATEST TRANSACTION
- control field: 20230606071944.0
008 - FIXED-LENGTH DATA ELEMENTS
- fixed length control field: 230606|| aca||aabn | a|a d
040 ## - CATALOGING SOURCE
- Original cataloging agency: JO-AjAnu
- Transcribing agency: JO-AjAnu
100 ## - HEADING--PERSONAL NAME
- Personal name: راجي،صادق
670 ## - SOURCE DATA FOUND
- Source citation: Work cat.: (JO-AjAnu)5302: راجي،صادق, author, حكايات وقصص شعبية عراقية من مختلف الأزمنة والعصور